| 000 | 01137nam a2200241Ia 4500 | ||
|---|---|---|---|
| 003 | Ost | ||
| 005 | 20260507075146.0 | ||
| 008 | 260507s9999||||xx |||||||||||||| ||und|| | ||
| 040 | _cfsecg | ||
| 041 | _aara | ||
| 082 | _a330 | ||
| 100 |
_aالنعيمي، جلال محمد _eمؤلف |
||
| 245 | 0 |
_aدراسة العمل في اطار إدارة الانتاج والعمليات / _c جلال محمد النعيمي |
|
| 260 |
_aعمان: _bإثراء للنشر والتوزيع, _c2009 |
||
| 300 |
_a288 صفحة؛ _bإيضاحات ؛ _c25 سم |
||
| 504 | _aالمراجع ص.288 | ||
| 520 | _aالمدخل لدراسة العمل- الإنتاجية ودراسة العمل- دراسة الحركة- قياس العمل- تحديد عدد المشاهدات المطلوبة- تقدير معدل الأداء- تحديد الوقت القياسي- العمل بالمعاينة- إدارة قوة العمل- الهندسة البشرية | ||
| 653 | _aإدارة الإنتاج | ||
| 653 | _aالعمل والعمال | ||
| 653 | _aبحوث العمليات | ||
| 653 | _aتقييم الأداء | ||
| 942 | _cكتاب | ||
| 999 |
_c43320 _d43320 |
||